000 00558nam a2200193 a 4500
008 190917e1985 ag |||g |||| 001 1 spa d
020 _aS/D
041 _aspa
092 _c808
_l77
_sSAB
100 1 _aSabato, Ernesto
_93235
245 3 _aEl túnel /
_cErnesto Sabato
250 _a1a ed.
260 _aBuenos Aires:
_bSeix Barral;
_c1985.
300 _a137 p.
500 _aSabato, E. (1985). El túnel. (1a ed.). Buenos Aires : Seix Barral.
590 _aDonacion Prof. Susana Sánchez, febrero 2019.
655 _aLiteratura
_92917
942 _2ddc
_cLIT
999 _c2851
_d2851